000 00607pam a2200205 a 4500
999 _c2333
_d2333
003 OSt
005 20210708082450.0
008 850130s1985 nyua 001 0 eng
020 _a0070106673 (pbk.) :
040 _cDLC
050 0 0 _aTK5105
_b.C484 1985
100 1 _aChasin, Mark.
245 1 0 _aComputer connections on a budget /
_cMark Chasin.
260 _aNew York :
_bMcGraw-Hill,
_cc1985.
300 _avii, 209 p. :
_bill. ;
_c23 cm.
500 _aIncludes index.
650 0 _aData transmission systems
_xPopular works.
906 _a7
_bcbc
_corignew
_d1
_eocip
_f19
_gy-gencatlg
942 _2lcc
_cBK
_nMM